| Tag |
First Indicator |
Second Indicator |
Subfields |
| LEADER |
00000cam a2200000 a 4500 |
| 001 |
in00001407598 |
| 005 |
20151020062238.0 |
| 008 |
980212s1997 enk b 000 0 eng d |
| 010 |
|
|
|a 97074447
|
| 020 |
|
|
|a 1840141425
|
| 035 |
|
|
|a (OCoLC)38427859
|
| 035 |
|
|
|9 AHP1050AM
|
| 040 |
|
|
|a EZC
|c EZC
|d TXA
|d UtOrBLW
|
| 049 |
|
|
|a TXAM
|
| 090 |
|
|
|a JC574
|b .T35 1997
|
| 245 |
0 |
0 |
|a Taking the liberal challenge seriously :
|b essays on contemporary liberalism at the turn of the 21st century /
|c edited by Sirkku Hellsten, Marjaana Kopperi, Olli Loukola.
|
| 246 |
3 |
0 |
|a Essays on contemporary liberalism at the turn of the 21st century
|
| 264 |
|
1 |
|a Aldershot, Hants, England ;
|a Brookfield, Vt. :
|b Ashgate,
|c [1997]
|
| 264 |
|
4 |
|c ©1997
|
| 300 |
|
|
|a xii, 317 pages :
|b illustrations ;
|c 23 cm.
|
| 336 |
|
|
|a text
|b txt
|2 rdacontent
|
| 337 |
|
|
|a unmediated
|b n
|2 rdamedia
|
| 338 |
|
|
|a volume
|b nc
|2 rdacarrier
|
| 490 |
1 |
|
|a Avebury series in philosophy
|
| 504 |
|
|
|a Includes bibliographical references.
|
| 650 |
|
0 |
|a Liberalism.
|
| 700 |
1 |
|
|a Hellsten, Sirkku.
|
| 700 |
1 |
|
|a Kopperi, Marjaana.
|
| 700 |
1 |
|
|a Loukola, Olli.
|
| 830 |
|
0 |
|a Avebury series in philosophy.
|
| 948 |
|
|
|a c:cer
|d 20031105
|
| 999 |
|
|
|a MARS
|
| 999 |
f |
f |
|s 5f34e279-6a96-3eab-bd45-0e937f84c4f2
|i bc35beed-bf0a-3e8d-bbe4-6c49eb0d40e5
|t 0
|
| 952 |
f |
f |
|p ric
|a Texas A&M University
|b Rellis Campus
|c Joint Library Facility
|d Remote Storage
|t 0
|e JC574 .T35 1997
|h Library of Congress classification
|i unmediated -- volume
|m A14822469235
|
| 998 |
f |
f |
|a JC574 .T35 1997
|t 0
|l Remote Storage
|